| 000 | 00760cam a2200253 i 4500 | ||
|---|---|---|---|
| 001 | 50016 | ||
| 005 | 20230410103843.0 | ||
| 008 | 071129b1989 ko a 000 0 eng | ||
| 020 | _a093087868x | ||
| 040 |
_aDRFGD _beng |
||
| 041 | 0 | _aeng | |
| 050 | 1 | 4 |
_a409 DS 907.18 _bN154p 1989. |
| 082 | 0 | 0 | _a951.9 |
| 100 | 1 | _aNahm, Andrew C. | |
| 245 | 1 | 2 |
_aA Panorama of 5000 Years : _bKorea History / _cby Anderw C. Nahm. |
| 246 | 3 | _aPanorama of five thousand years | |
| 250 | _a2a rev. ed. | ||
| 260 |
_aElizabeth, N.J. : _bHollym, _c1989 |
||
| 300 |
_a128 p. : _bill. (some col.); _c25 cm. |
||
| 651 | 0 |
_aKorea _xHistory. |
|
| 856 | 4 | 2 |
_3Más?... busque en WorldCat ( solo desde FUNGLODE) _uwww.firstsearch.oclc.org/fsip |
| 942 |
_2lcc _cbk |
||
| 946 | _amjcruz | ||
| 999 |
_c27114 _d27114 |
||